000 00716nam a22002177a 4500
999 _c7016
_d7016
003 AR-CdUCM
008 190319b ||||| |||| 00| 0 spa d
040 _aMUNICIPALIDAD PROVINCIAL DEL CUSCO
_cBIBLIOTECA MUNICIPAL DEL CUSCO
082 _a869.56 /
_bB17
100 _aBalarezo Mezones, Ligia
_919772
245 _aLa seda del silencio /
260 _aLima :
_bEdiciones Maribelina,
_c1992.
300 _a45 páginas ;
_c21 cm.
500 _aDedicatoria a Gustavo Pérez Ocampo.
650 _aPoesía peruana - Siglo XX
_914083
650 _aPoetisa peruana - Chimbote
_919773
650 _aLigia Balarezo - Poemas
_919774
710 _aCasa del poeta peruano
_919775
942 _2ddc
_cLIBROS
945 _alccs